Environment and enforcement : regulation and the social definition of pollution

Αποθηκεύτηκε σε:
Λεπτομέρειες βιβλιογραφικής εγγραφής
Κύριος συγγραφέας: Hawkins, Keith
Μορφή: Βιβλίο
Γλώσσα:English
Δημοσίευση: Oxford : Clarendon Press, c1984
Σειρά:Oxford socio-legal studies
Θέματα:
Ετικέτες: Προσθήκη ετικέτας
Δεν υπάρχουν, Καταχωρήστε ετικέτα πρώτοι!

MARC

LEADER 00000nam a2200000 i 4500
001 1/64107
008 930929s eng d
020 |a 0-19-827514-5 
035 |a ΛΕΣΒΟΣb10001328  |l 10001328 
040 |a GR-MY-UA  |b gre  |e aacr 
041 0 |a eng 
082 0 |a 342.446343 
100 1 |a Hawkins, Keith. 
245 1 0 |a Environment and enforcement :  |b regulation and the social definition of pollution /  |c Keith Hawkins 
260 |a Oxford :   |b Clarendon Press,   |c c1984 
300 |a 253 p. 
490 1 |a Oxford socio-legal studies 
504 |a Includes bibliographical references and index 
650 0 0 |a Water  |x Pollution  |x Law and legislation. 
650 0 0 |a Law enforcement. 
650 0 0 |a Sociological jurisprudence. 
830 0 |a Oxford socio-legal studies 
852 |a INST  |b LESVOS  |e 19930929  |h 342.446343 HAW  |p 005100004139  |q 005100004139  |t BK  |y 0 
909 |a Λ  |b 028582